The Search for Wellbeing and Health between the Middle Ages and the Early Modern Period
محفوظ في:
المؤلف الرئيسي:
التنسيق: كتاب
اللغة: Undetermined
الوصول للمادة أونلاين: Login to view Source
الوسوم: إضافة وسم
لا توجد وسوم, كن أول من يضع وسما على هذه التسجيلة!
رقم الطلب:
| LEADER | 00498nmm a2200133Ia 4500 | ||
|---|---|---|---|
| 008 | 240716s9999||||xx |||||||||||||||||und|| | ||
| 020 | |a 9781803275772 | ||
| 020 | |a 9781803275789 | ||
| 100 | |a Javier López Rider | ||
| 245 | 1 | 4 | |a The Search for Wellbeing and Health between the Middle Ages and the Early Modern Period |c Javier López Rider |
| 264 | |b Archaeopress Archaeology |c 21-ديسمبر-23 | ||
| 856 | 4 | 0 | |u http://library.arce.org:8087/Archaeopress/Products/9781803275772 |
| 942 | |2 lcc |c EBOOK | ||
| 999 | |c 58974 |d 58974 | ||
